| 000 | 00766nam a2200205Ia 4500 | ||
|---|---|---|---|
| 008 | 0000001985 pr a 0000000000spa00 | ||
| 090 | _aPPR00 R83n2 | ||
| 100 | 1 |
_aRuíz, Noemi _d1931 |
|
| 245 | 1 | 0 |
_aNoemi Ruiz _b: existencia de ser y tiempo _c/ fotografías Eric Borcherding |
| 300 |
_a32 p. _c/ 25 cm. |
||
| 500 | _aCon el patronazgo del maestro venezolano Jesús Rafael Soto (q.e.p.d.) \ | ||
| 600 | 0 | 0 |
_aRUIZ, NOEMI, 1931/ _xTRABAJOS PICTORICOS |
| 650 | 1 | 4 | _aARTE CONTEMPORANEO PUERTORRIQUEÑO |
| 650 | 1 | 4 | _xCATALOGOS |
| 650 | 1 | 4 | _xEXPOSICIONES |
| 650 | 1 | 4 | _aPINTORES PUERTORRIQUEÑOS |
| 650 | 1 | 4 | _aPINTURA PUERTORRIQUEÑA |
| 700 | 1 | _aBorcherding, Eric | |
| 999 |
_c7347 _d7347 |
||
| 260 |
_aSan Juan (Puerto Rico) : Instituto de Cultura Puertorriqueña _c1985 |
||